Предсказание уровней поддержки и сопротивления цены на фондовом рынке при помощи глубокого обучения; Молодежь и современные информационные технологии

Bibliografiske detaljer
Parent link:Молодежь и современные информационные технологии.— 2023.— С. 271-272
Hovedforfatter: Хайров М. А.
Institution som forfatter: Национальный исследовательский Томский политехнический университет Инженерная школа информационных технологий и робототехники
Andre forfattere: Спицын В. Г. Владимир Григорьевич
Summary:Текстовый файл
Sprog:russisk
Udgivet: 2023
Fag:
Online adgang:http://earchive.tpu.ru/handle/11683/78055
Format: MixedMaterials Electronisk Book Chapter
KOHA link:https://koha.lib.tpu.ru/cgi-bin/koha/opac-detail.pl?biblionumber=671619

MARC

LEADER 00000naa2a2200000 4500
001 671619
005 20240407151511.0
090 |a 671619 
100 |a 20240319d2023 k||y0rusy50 ca 
101 0 |a rus 
102 |a RU 
135 |a drcn ---uucaa 
200 1 |a Предсказание уровней поддержки и сопротивления цены на фондовом рынке при помощи глубокого обучения  |f Хайров М. A., Спицын В. Г.  |g Томский политехнический университет, ИШИТР 
283 |2 RDAcarrier 
320 |a Список использованных источников: с. 272 
336 |a Текстовый файл 
463 1 |0 636132  |9 636132  |a Фадеев, А. С. (специалист в области информатики и вычислительной техники ; 1981-)  |c Томск  |d 2023  |n Изд-во ТПУ  |o сборник трудов XX Международной научно-практической конференции студентов, аспирантов и молодых учёных, 20-22 марта 2023 г., г. Томск  |p 1 файл (15 Мб, 413 с.)  |t Молодежь и современные информационные технологии  |u conference_tpu-2023-C04.pdf  |v С. 271-272 
610 1 |a глубокое обучение 
610 1 |a фондовый рынок 
610 1 |a высокочастотные данные 
610 1 |a труды учёных ТПУ 
610 1 |a электронный ресурс 
700 1 |a Хайров  |b М. А. 
701 1 |a Спицын  |b В. Г.  |c специалист в области информатики и вычислительной техники  |c профессор Томского политехнического университета, доктор технических наук  |f 1948-  |g Владимир Григорьевич  |9 9740 
712 0 2 |a Национальный исследовательский Томский политехнический университет  |b Инженерная школа информационных технологий и робототехники  |c (2017- )  |9 28330 
801 0 |a RU  |b 63413507  |c 20231219 
850 |a 63413507 
856 4 |u http://earchive.tpu.ru/handle/11683/78055  |z http://earchive.tpu.ru/handle/11683/78055 
942 |c CF